000
00290nam a22001337a 4500
008
170914b xxu||||| |||| 00| 0 eng d
020
_a
9780207189081
041
_a
eng
080
_a
7
100
_a
44
101
_a
ART
245
_a
ROCK ART OF THE DREAMTIME
_c
FLOOD,J
942
_2
udc
_c
BK
999
_c
27588
_d
27588